Statistics for Indiana Pacers Top 10 Leaders Playoffs

Click here to take the quiz!

General Stats

  • This quiz has been taken 21 times
    (10 since last reset)
  • The average score is 10 of 20

Answer Stats

Answer % Correct
Reggie Miller
100%
Paul George
100%
Rik Smits
86%
Antonio Davis
86%
Dale Davis
86%
Mark Jackson
86%
Roy Hibbert
71%
Jermaine O'Neal
57%
Ron Artest
57%
Myles Turner
57%
Jalen Rose
43%
Derrick McKey
29%
George Hill
29%
Lance Stephenson
29%
Jamaal Tinsley
14%
Travis Best
14%
Austin Croshere
14%
David West
14%
Haywoode Workman
0%
Ian Mahinmi
0%

Score Distribution

Percentile by Number Answered

Percent of People with Each Score

Your Score History

You have not taken this quiz since the last reset